000 00273nam a2200133Ia 4500
100 _aAnand/K.K
942 _cBK
654 _aQuality Management
245 _aQuality Management
260 _bVikas pub.
_aDelhi
_c1990
300 _a290
546 _aENGLISH
999 _c32080
_d32080